All About Earth Day Quiz Stats

 Plays Quiz Updated Apr 22, 2019

Score 0/22 Timer 08:00
0 Plays Today
% Correct
birthday
93.2%
exams
87.4%
environmental reform
87.3%
garbage
86.4%
Mount Everest
86.1%
141
85.7%
10,000
85.2%
1990
84.6%
March for Science
84.6%
1970
84.1%
Global Warming
84.1%
% Correct
one billion
83.4%
Vladimir Lenin
83.3%
Paris Agreement
82.9%
oil rig
82.6%
National Mall
78.9%
internet
75.8%
Allen Ginsberg
66%
John Muir
57.1%
John Lindsay
57%
United Nations
53.1%
Gaylord Nelson
40.3%

You're not logged in!

Compare scores with friends on all Sporcle quizzes.
OR
Log In

Sporcle TV

Today on Sporcle TV


Watch our educational content, quiz creation guides, and fun videos on Sporcle TV.

Show Comments

Extras

Top Quizzes Today


Score Distribution

Your Account Isn't Verified!

In order to create a playlist on Sporcle, you need to verify the email address you used during registration. Go to your Sporcle Settings to finish the process.

Report this User

Report this user for behavior that violates our Community Guidelines.

Details: